000 00375nam a22001337a 4500
999 _c130309
_d130309
008 200206b ||||| |||| 00| 0 eng d
050 _aDA506.A2 A9 1972
100 _aAyling, Stanley
_949384
245 _aGeorge the third
_cStanley Ayling
260 _aLondon
_bHistory Book Club
_c1972
300 _a510p. ;
_c23cm.
600 _aGeorge III
_922079
942 _2lcc
_cMONOGRAPH